000
00308nam a22001217a 4500
008
180425b xxu||||| |||| 00| 0 eng d
041
_a
eng
080
_a
043.3
100
_a
0
101
_a
MEK-MTH
245
_a
Analysis and Rationalization of Logistic Processes within Company X
_c
Bula,I
942
_2
udc
_c
BK
999
_c
45548
_d
45548